000 00647cam a2200169 4500500
005 20260111080158.0
041 _afre
042 _adc
100 1 0 _aBroussolle, Yves
_eauthor
245 0 0 _aLes principales dispositions relatives aux collectivités territoriales dans le projet de loi de finances pour 2017
260 _c2017.
500 _a7
690 _afinances locales
690 _aprojet de loi de finances pour 2017
786 0 _nGestion & Finances Publiques | 1 | 1 | 2017-01-25 | p. 26-28 | 1969-1009
856 4 1 _uhttps://droit.cairn.info/revue-gestion-et-finances-publiques-2017-1-page-26?lang=fr&redirect-ssocas=7080
999 _c1615964
_d1615964